000 01119nam0a22003851 4500
001 v19\rc\1832143
005 20250619140630.0
035 _a(NLR Aleph) 004927447
090 _a5643520
_c5643520
100 _a20071224d1908 |||y0rusy50 ca
101 0 _arus
102 _aRU
105 _ay z |||||
200 1 _aПромышленный капитализм в России
_fС. Зак
210 _aМосква
_cСотрудничество
_d1908
215 _a[2], VII, 172 с.
_d24
300 _aНа обл. - С.С. Зак
700 1 _aЗак
_bС.С.
_f1868-1930
_gСергей Сергеевич
801 0 _aRU
_bNLR
_gpsbo
801 0 _aRU
_bRuMoRGB
_2psbo
801 1 _aRU
_bProSoft-M
_2rusmarc
852 _aNLR
_j37.1.4.20
852 _aNLR
_j131/1444
899 _aRuMoRGB
_jA 210/175
899 _aRuMoRGB
_jD 47/170
899 _aRuMoRGB
_jРб 19/751
899 _aRuMoRGB
_jV 532/258
899 _aRuMoRGB
_jКл 67/489
899 _aRuMoRGB
_jКл 67/1121
899 _aБАН
899 _aНБ СПбГУ
899 _aГПИБ
899 _aНБ МГУ
942 _cBOOK
980 _aNB